000 00385nam a2200145Ia 4500
008 231129s1980||||xx |||||||||||||| ||spa||
020 _a84-226-1172-4
040 _bspa
082 _aR 574.09 M394
100 _aMasini Giancarlo
245 0 _aTras las huellas de la vida
260 _c1980
264 _aCirculo de Lectores
942 _2ddc
_cBKS
999 _c25576
_d25576